书目信息 |
| 题名: |
改革开放重大事件和决策述实
|
|
| 作者: | 陈述 著 | |
| 分册: | ||
| 出版信息: | 北京 人民出版社 2008.11 |
|
| 页数: | 360页 | |
| 开本: | 21cm | |
| 丛书名: | ||
| 单 册: | ||
| 中图分类: | D62 | |
| 科图分类: | ||
| 主题词: | 改革开放--gai ge kai fang--大事记--中国 , 改革开放--gai ge kai fang--方针政策--中国 | |
| 电子资源: | ||
| ISBN: | 978-7-01-007494-8 | |
| 000 | 00832nam0 2200241 450 | |
| 001 | 012009171757 | |
| 005 | 20090621144706.40 | |
| 010 | @a978-7-01-007494-8@dCNY26.00 | |
| 100 | @a20090621d2008 em y0chiy0120 ea | |
| 101 | 0 | @achi |
| 102 | @aCN@b110000 | |
| 105 | @ay z 000yy | |
| 106 | @ar | |
| 200 | 1 | @a改革开放重大事件和决策述实@Agai ge kai fang zhong da shi jian he jue ce shu shi@f陈述著@Fchen shu zhu |
| 210 | @a北京@c人民出版社@d2008.11 | |
| 215 | @a360页@d21cm | |
| 330 | @a本书主要内容包括:开创改革开放的伟大事业,改革开放全面展开(1982-1992),抓住机遇,推进改革开放(1992-2002)等。 | |
| 606 | 0 | @a改革开放@Agai ge kai fang@x大事记@y中国 |
| 606 | 0 | @a改革开放@Agai ge kai fang@x方针政策@y中国 |
| 690 | @aD62@v4 | |
| 701 | 0 | @a陈述@Achen shu@4著 |
| 801 | 0 | @aCN@bQSSK@c20090621 |
| 905 | @b745532-34@dD62@eC568@f3 | |
| 改革开放重大事件和决策述实/陈述著.-北京:人民出版社,2008.11 |
| 360页;21cm |
| ISBN 978-7-01-007494-8:CNY26.00 |
| 本书主要内容包括:开创改革开放的伟大事业,改革开放全面展开(1982-1992),抓住机遇,推进改革开放(1992-2002)等。 |
| ● |
| 相关链接 |
|
|
|
正题名:改革开放重大事件和决策述实
索取号:D62/C568
 
预约/预借
| 序号 | 登录号 | 条形码 | 馆藏地/架位号 | 状态 | 备注 |
| 1 | 745532 | 207455323 | 社科库509/422社科库 42排4列4层/ [索取号:D62/C568] | 在馆 | |
| 2 | 745533 | 207455332 | 社科库509/509社科库 72排7列2层/ [索取号:D62/C568] | 在馆 | |
| 3 | 745534 | 207455341 | 社科库509/509社科库 72排7列2层/ [索取号:D62/C568] | 在馆 |